000 00503nam a2200217Ia 4500
008 210210b2011 xxu||||| |||| 00| 0 eng d
020 _a9788188573387
041 _aeng
082 _aH891.9 MUNH
100 _aMUNESHVAR (Sanjay)
245 _aHindI kA dalit AtmkathA sAhity
260 _aKAnpur
_bChandr Prakashana
_c2011
300 _a328
650 _asAhity
650 _akA
650 _aHindI
650 _adalit
650 _aAtmkathA
690 _aHindi Criticism
906 _a065795
999 _c147090
_d147090